000 01623cam a22003615i 4500
001 709848
003 EG-ScBUE
005 20250806085947.0
008 970715t1998 nyua f b 001 0 eng d
020 _a0471189715
020 _a9780471189718
040 _aEG-ScBUE
_beng
_erda
_cEG-ScBUE
_dEG-ScBUE
082 0 4 _222
_a546.6
_bRAO
100 1 _aRao, C. N. R.
_q(Chintamani Nagesa Ramachandra),
_d1934-
_eauthor.
245 1 0 _aTransition metal oxides :
_bstructure, properties, and synthesis of ceramic oxides /
_cC. N. R. Rao, CSIR Center of Excellence in Chemistry, Indian Institute of Science and Jawaharlal Nehru Center for Advanced Scientific Research, Bangalore, India, B. Raveau, Laboratoire CRISMAT, Center des Matériaux Supraconducteurs Caen, France.
250 _aSecond edition.
264 1 _aNew York :
_bWiley-VCH,
_c[1998]
264 4 _cc1998
300 _axi, 373 pages :
_billustrations ;
_c25 cm
336 _2rdacontent
_atext
_btxt
337 _aunmediated
_2rdamedia
_bn
338 _avolume
_bnc
_2rdacarrier
504 _aIncludes bibliographical references and index.
650 7 _aTransition metal oxides.
_2BUEsh
653 _bGGEN
_cMarch2018
655 _vReading book
700 1 _aRaveau, B.
_q(Bernard),
_d1940-
_eauthor.
700 1 _aRaveau, B.
_q(Bernard),
_d1940-
_eauthor.
856 4 2 _3Contributor biographical information
_uhttp://www.loc.gov/catdir/bios/wiley042/97033008.html
856 4 2 _3Publisher description
_uhttp://www.loc.gov/catdir/description/wiley033/97033008.html
856 4 _3Table of Contents
_uhttp://www.loc.gov/catdir/toc/onix04/97033008.html
942 _2ddc
_cBB
999 _c26397
_d26369